Memoria Anual 2011-2013 (Record no. 9343)

MARC details
000 -LEADER
campo de control de longitud fija 00390nam a2200133Ia 4500
001 - NÚMERO DE CONTROL
campo de control 3501
008 - DATOS DE LONGITUD FIJA--INFORMACIÓN GENERAL
campo de control de longitud fija 241024s9999 xx 000 0 und d
082 ## - NÚMERO DE LA CLASIFICACIÓN DECIMAL DEWEY
Número de clasificación RD/366.2/A837d
100 ## - ENTRADA PRINCIPAL--NOMBRE DE PERSONA
Nombre de persona Asociación para el desarrollo de la provincia Espaillat-ADEPE
245 #0 - MENCIÓN DEL TÍTULO
Título Memoria Anual 2011-2013
260 ## - PUBLICACIÓN, DISTRIBUCIÓN, ETC.
Nombre del editor, distribuidor, etc. Espaillat, República Dominicana
Fecha de publicación, distribución, etc. 2013
901 ## - ELEMENTOS DE DATOS A LOCAL LDA (RLIN)
a 28/11/2013 12:02:06 p.m.

No items available.

© 2024. Todos los Derechos Reservados. Desarrollado por IDEICE